[Event "POL-ch Rapid U18"]
[Site "Bydgoszcz"]
[Date "2023.08.29"]
[Round "3"]
[White "Wojdak, Jan"]
[Black "Dziendziel, Mateusz"]
[Result "0-1"]
[WhiteElo "2137"]
[BlackElo "1903"]
[PlyCount "84"]
[EventDate "2023.08.28"]
[EventType "swiss"]
[EventRounds "11"]
[EventCountry "POL"]
[SourceTitle "EXT 2024"]
[Source "ChessBase"]
[SourceDate "2023.10.10"]
[SourceVersion "1"]
[SourceVersionDate "2023.10.10"]
[SourceQuality "1"]

1. e4 c5 2. Nf3 d6 3. d4 cxd4 4. Nxd4 Nf6 5. Nc3 Nc6 6. Bg5 e6 7. Qd3 Be7 8. 0-0-0 Nxd4 9. Qxd4 a6 10. h4 Bd7 11. f3 Rc8 12. g4 Qc7 13. Be3 0-0 14. g5 Nh5 15. Bh3 b5 16. Qd2 b4 17. Ne2 a5 18. Bg4 g6 19. Bxh5 gxh5 20. Kb1 a4 21. Nf4 b3 22. cxb3 axb3 23. Rc1 Qb7 24. a3 Rc2 25. Rxc2 bxc2+ 26. Qxc2 Ra8 27. Qc3 Rc8 28. Qb4 Qa6 29. Rc1 Bc6 30. Qb6 Qa4 31. Nxh5 e5 32. Qa7 Qb3 33. Qxe7 Rb8 34. Bb6 Qxb6 35. b4 Qe3 36. Rxc6 Qb3+ 37. Kc1 Qxa3+ 38. Kd2 Qxb4+ 39. Kd3 Qb1+ 40. Rc2 Qd1+ 41. Rd2 Qxf3+ 42. Kc2 Qb3+ 0-1

[Event "Ustron op-B"]
[Site "Ustron"]
[Date "2023.08.14"]
[Round "5"]
[White "Zaninotto, Franco"]
[Black "Dziendziel, Mateusz"]
[Result "0-1"]
[WhiteElo "1966"]
[BlackElo "2011"]
[PlyCount "92"]
[EventDate "2023.08.11"]
[EventType "swiss"]
[EventRounds "9"]
[EventCountry "POL"]
[SourceTitle "CBM 215 Extra"]
[Source "ChessBase"]
[SourceDate "2023.09.30"]
[SourceVersion "1"]
[SourceVersionDate "2023.09.30"]
[SourceQuality "1"]

1. e4 c5 2. Nf3 d6 3. Bb5+ Nd7 4. d4 cxd4 5. Qxd4 a6 6. Bxd7+ Bxd7 7. c4 Bc6 8. Nc3 Nf6 9. Bg5 e6 10. 0-0 Be7 11. Qd3 0-0 12. Nd4 Rc8 13. Rac1 Qa5 14. Bd2 Qh5 15. f3 Rfd8 16. Be3 Be8 17. Nde2 Qa5 18. Nd4 Nd7 19. b3 Bf6 20. Qd2 Kh8 21. Rfd1 Ne5 22. h3 Ng6 23. Kh1 Rb8 24. f4 Nf8 25. Nde2 b5 26. cxb5 axb5 27. Bd4 Be7 28. Qb2 f6 29. b4 Qa8 30. f5 Bc6 31. Ng3 e5 32. Be3 d5 33. exd5 Bxd5 34. Bc5 Bxc5 35. bxc5 Bc6 36. Qe2 g6 37. Rd6 Rxd6 38. cxd6 gxf5 39. Nxf5 Ne6 40. Qf2 Nf4 41. Qh4 Bxg2+ 42. Kh2 Rf8 43. Qh6 Rf7 44. Rd1 Bxh3 45. Nh4 Bd7 46. Rg1 b4 0-1

[Event "Ustron op-B"]
[Site "Ustron"]
[Date "2023.08.12"]
[Round "2"]
[White "Dziendziel, Mateusz"]
[Black "Musial, Igor"]
[Result "1/2-1/2"]
[WhiteElo "2011"]
[BlackElo "1902"]
[PlyCount "42"]
[EventDate "2023.08.11"]
[EventType "swiss"]
[EventRounds "9"]
[EventCountry "POL"]
[SourceTitle "CBM 215 Extra"]
[Source "ChessBase"]
[SourceDate "2023.09.30"]
[SourceVersion "1"]
[SourceVersionDate "2023.09.30"]
[SourceQuality "1"]

1. e4 c5 2. Nf3 d6 3. d4 cxd4 4. Nxd4 Nf6 5. Nc3 Nc6 6. Bg5 Bd7 7. Qd2 Rc8 8. 0-0-0 Nxd4 9. Qxd4 Qa5 10. Bxf6 gxf6 11. Kb1 Qc5 12. f4 Qxd4 13. Rxd4 f5 14. Rb4 b6 15. Ba6 Rc5 16. exf5 Bxf5 17. Re1 Bg7 18. Ne4 Bxe4 19. Rbxe4 e6 20. b4 Rc7 21. Rd1 Ke7 1/2-1/2

[Event "POL-ch U18"]
[Site "Jastrzebia Gora"]
[Date "2023.??.??"]
[Round "6"]
[White "Dziendziel, Mateusz"]
[Black "Kozlowski, Franciszek"]
[Result "1-0"]
[WhiteElo "2084"]
[BlackElo "1829"]
[PlyCount "73"]
[EventDate "2023.03.11"]
[EventType "swiss"]
[EventRounds "9"]
[EventCountry "POL"]
[SourceTitle "CBM 213 Extra"]
[Source "ChessBase"]
[SourceDate "2023.05.31"]
[SourceVersion "1"]
[SourceVersionDate "2023.05.31"]
[SourceQuality "1"]

1. e4 c6 2. d4 d5 3. e5 c5 4. dxc5 e6 5. a3 Bxc5 6. Qg4 Ne7 7. Bd3 Nbc6 8. Nf3 Ng6 9. b4 Bb6 10. Bb2 Bc7 11. 0-0 0-0 12. Qh5 Qe8 13. b5 Nce7 14. Ng5 h6 15. Nh3 Bd7 16. a4 Rc8 17. Nd2 Ba5 18. Nb1 Bc7 19. Ra3 Nh8 20. Qg4 Nhg6 21. Re1 f5 22. exf6 gxf6 23. Qh5 Kh7 24. Bc1 Ng8 25. Rc3 e5 26. Nf4 e4 27. Nxd5 Be5 28. Rxc8 Qxc8 29. Rxe4 f5 30. Re1 Be6 31. c4 Qd7 32. g3 Rf7 33. Bc2 Rg7 34. Bxh6 Nxh6 35. Rxe5 Bxd5 36. Bxf5 Be6 37. Rxe6 1-0

[Event "POL-ch U18"]
[Site "Jastrzebia Gora"]
[Date "2023.??.??"]
[Round "7"]
[White "Dziendziel, Mateusz"]
[Black "Krasniewski, Szymon"]
[Result "1-0"]
[WhiteElo "2084"]
[BlackElo "1771"]
[PlyCount "105"]
[EventDate "2023.03.11"]
[EventType "swiss"]
[EventRounds "9"]
[EventCountry "POL"]
[SourceTitle "CBM 213 Extra"]
[Source "ChessBase"]
[SourceDate "2023.05.31"]
[SourceVersion "1"]
[SourceVersionDate "2023.05.31"]
[SourceQuality "1"]

1. e4 c5 2. Nf3 e6 3. d4 cxd4 4. Nxd4 Nf6 5. Nc3 Nc6 6. Nxc6 bxc6 7. e5 Nd5 8. Ne4 Bb7 9. c4 Nb4 10. Bg5 Qb8 11. Nd6+ Bxd6 12. exd6 c5 13. Be3 Be4 14. f3 Nc2+ 15. Kf2 Qxb2 16. fxe4 Nxa1+ 17. Be2 Nc2 18. Bxc5 Rc8 19. Bxa7 Qxa2 20. Bb6 Rb8 21. c5 e5 22. Qd2 Qb2 23. Rc1 Qd4+ 24. Qxd4 Nxd4 25. Ra1 0-0 26. Bg4 f5 27. exf5 g6 28. Ra7 gxf5 29. Bh5 f4 30. Bf3 Nxf3 31. Kxf3 Rbe8 32. Ke4 f3 33. gxf3 Rf4+ 34. Ke3 Rb4 35. Rxd7 e4 36. Rd8 Rb3+ 37. Ke2 exf3+ 38. Kf2 Rxd8 39. Bxd8 Kf7 40. c6 Ke6 41. d7 Rd3 42. Ba5 Ke7 43. h4 Rd5 44. Bb6 Rd3 45. Bc7 Rd1 46. Kxf3 Rd3+ 47. Ke4 Rd1 48. Kf5 Rd5+ 49. Kg4 Rd1 50. Bb6 Rd5 51. d8Q+ Rxd8 52. Bxd8+ Kxd8 53. Kg5 1-0

[Event "EU-ch Rapid"]
[Site "Katowice"]
[Date "2022.12.17"]
[Round "4"]
[White "Zawadzka, Jolanta"]
[Black "Dziendziel, Mateusz"]
[Result "1/2-1/2"]
[WhiteElo "2386"]
[BlackElo "2042"]
[PlyCount "99"]
[EventDate "2022.12.17"]
[EventType "swiss (rapid)"]
[EventRounds "11"]
[EventCountry "POL"]
[SourceTitle "CBM 211 Extra"]
[Source "ChessBase"]
[SourceDate "2023.01.31"]
[SourceVersion "1"]
[SourceVersionDate "2023.01.31"]
[SourceQuality "1"]

1. e4 c5 2. Nf3 d6 3. Bb5+ Bd7 4. Bxd7+ Qxd7 5. 0-0 Nc6 6. Re1 Nf6 7. c3 g6 8. d4 Bg7 9. Nbd2 0-0 10. e5 dxe5 11. dxe5 Ng4 12. e6 fxe6 13. Qe2 Nge5 14. Nxe5 Nxe5 15. Ne4 b6 16. Bg5 Rad8 17. Bh4 c4 18. Red1 Qb7 19. Bg3 Rxd1+ 20. Rxd1 Nd3 21. Ng5 e5 22. b3 b5 23. h4 Qc6 24. bxc4 bxc4 25. Rb1 h6 26. Ne4 Kh7 27. f3 Rd8 28. Kh2 Qa6 29. Nf2 Bf6 30. h5 gxh5 31. Qe4+ Kg7 32. Nd1 Qxa2 33. Rb5 Qa4 34. Rb1 Qc2 35. Ra1 Rd7 36. Ne3 Qxc3 37. Nf5+ Kh8 38. Ra6 Qb3 39. Qa8+ Kh7 40. Qe8 Qb7 41. Qf7+ Kh8 42. Qf8+ Kh7 43. Qxh6+ Kg8 44. Qg6+ Kf8 45. Nh6 Qd5 46. Ra5 Qe6 47. Ra6 Qd5 48. Ra5 Qe6 49. Ra6 Qd5 50. Ra5 1/2-1/2

[Event "EU-ch Blitz"]
[Site "Katowice"]
[Date "2022.12.16"]
[Round "3"]
[White "Dziendziel, Mateusz"]
[Black "Molenda, Marcin"]
[Result "1-0"]
[WhiteElo "2042"]
[BlackElo "2381"]
[PlyCount "95"]
[EventDate "2022.12.16"]
[EventType "swiss (blitz)"]
[EventRounds "22"]
[EventCountry "POL"]
[SourceTitle "CBM 211 Extra"]
[Source "ChessBase"]
[SourceDate "2023.01.31"]
[SourceVersion "1"]
[SourceVersionDate "2023.01.31"]
[SourceQuality "1"]

1. e4 c5 2. Nf3 e6 3. g3 b6 4. Bg2 Bb7 5. Qe2 d6 6. 0-0 Nf6 7. Nc3 Be7 8. d4 cxd4 9. Nxd4 0-0 10. Be3 Qc8 11. Rfd1 a6 12. a4 Nbd7 13. f4 Qc7 14. Bf2 Rac8 15. f5 e5 16. Nb3 Qb8 17. g4 h6 18. h4 Nh7 19. Rd2 Nc5 20. Nxc5 dxc5 21. Rad1 Bc6 22. Nd5 Qb7 23. b3 Rfe8 24. Qc4 Nf6 25. Qe2 Nh7 26. Qc4 b5 27. axb5 axb5 28. Qe2 Nf6 29. g5 Nh7 30. g6 fxg6 31. fxg6 Nf6 32. Bh3 Rcd8 33. Be6+ Kh8 34. Bf7 Rf8 35. Nxf6 Bxf6 36. Qg4 Rxd2 37. Rxd2 Bxe4 38. Bxc5 Ra8 39. Qd7 Qxd7 40. Rxd7 Bxc2 41. b4 Bxh4 42. Bd6 Bf6 43. Rb7 Bd3 44. Kf2 e4 45. Ke3 Rd8 46. Bc5 Be7 47. Rxe7 h5 48. Re5 1-0

[Event "EU-ch Blitz"]
[Site "Katowice"]
[Date "2022.12.16"]
[Round "4"]
[White "Molenda, Marcin"]
[Black "Dziendziel, Mateusz"]
[Result "1-0"]
[WhiteElo "2381"]
[BlackElo "2042"]
[PlyCount "54"]
[EventDate "2022.12.16"]
[EventType "swiss (blitz)"]
[EventRounds "22"]
[EventCountry "POL"]
[SourceTitle "CBM 211 Extra"]
[Source "ChessBase"]
[SourceDate "2023.01.31"]
[SourceVersion "1"]
[SourceVersionDate "2023.01.31"]
[SourceQuality "1"]

1. d4 d5 2. c4 c6 3. Nf3 Nf6 4. Qb3 dxc4 5. Qxc4 Bf5 6. g3 e6 7. Bg2 Be7 8. 0-0 0-0 9. Nc3 Nbd7 10. e3 Ne4 11. Qe2 c5 12. Rd1 Nxc3 13. bxc3 Be4 14. Bf1 b6 15. Bb2 Qc7 16. Nd2 Bb7 17. e4 Rad8 18. Bg2 Nf6 19. Rac1 Qc8 20. Qe3 Ba6 21. Qf4 Nh5 22. Qg4 Nf6 23. Qh3 Be2 24. Re1 Bg4 25. Qh4 h5 26. Nf3 Qc7 27. Qg5 Nxe4 1-0

[Event "POL-chT 2nd League"]
[Site "Poronin"]
[Date "2020.09.13"]
[Round "9.1"]
[White "Dziendziel, Mateusz"]
[Black "Dubinski, Mateusz"]
[Result "1/2-1/2"]
[WhiteElo "1949"]
[BlackElo "2345"]
[PlyCount "151"]
[EventDate "2020.09.05"]
[EventType "team-swiss"]
[EventRounds "9"]
[EventCountry "POL"]
[SourceTitle "CBM 198 Extra"]
[Source "ChessBase"]
[SourceDate "2020.11.30"]
[SourceVersion "1"]
[SourceVersionDate "2020.11.30"]
[SourceQuality "1"]
[WhiteTeam "Jastrzebie Zdroj Pionier"]
[BlackTeam "Kopernik WKS"]
[WhiteTeamCountry "POL"]
[BlackTeamCountry "POL"]

1. f4 g6 2. Nf3 Bg7 3. e3 c5 4. Be2 Nc6 5. 0-0 d6 6. d3 Nh6 7. c3 e5 8. e4 d5 9. Nxe5 Nxe5 10. fxe5 0-0 11. Bf4 dxe4 12. d4 cxd4 13. cxd4 Nf5 14. Nc3 Qxd4+ 15. Qxd4 Nxd4 16. Bc4 Be6 17. Bxe6 Nxe6 18. Bg3 Nc5 19. Rae1 Nd3 20. Rxe4 Rfe8 21. Rd1 Rad8 22. Rd2 Nc5 23. Rxd8 Rxd8 24. Rc4 b6 25. Ne4 Nd3 26. Rc7 Nxe5 27. Rxa7 h6 28. b3 Rd4 29. Nf2 Rd2 30. h3 Nc6 31. Ra8+ Kh7 32. Kf1 Nb4 33. Ra7 Kg8 34. Ra8+ Kh7 35. Ra7 Rxa2 36. Rxf7 Kg8 37. Rf3 Nc6 38. Ng4 Ra1+ 39. Kf2 Bd4+ 40. Ke2 h5 41. Nf6+ Kh8 42. Kd3 Ra2 43. Kc4 Rxg2 44. Kd5 Bxf6 45. Kxc6 Bd4 46. Kd5 Bc5 47. Be5+ Kg8 48. Ke6 g5 49. Kf5 Kf7 50. Rg3 Rf2+ 51. Kxg5 Be7+ 52. Kh6 h4 53. Rd3 Rf5 54. Bg7 Bg5+ 55. Kh7 Be7 56. Kh6 b5 57. Rc3 Rg5 58. Rf3+ Ke8 59. Re3 Rg3 60. Bd4 Kf7 61. Rxg3 hxg3 62. Kh5 Ke6 63. Kg4 Kd5 64. Bg1 Bd6 65. Kf3 g2 66. h4 Be7 67. h5 Bf8 68. Kxg2 Ke4 69. Kg3 Kd3 70. Kg4 Kc3 71. Kg5 Kxb3 72. Bd4 Kc4 73. Ba1 Bc5 74. Kg6 Be3 75. h6 Bxh6 76. Kxh6 1/2-1/2

[Event "Bohumin op 3rd"]
[Site "Bohumin"]
[Date "2020.07.23"]
[Round "6"]
[White "Dziendziel, Mateusz"]
[Black "Lojek, Marek"]
[Result "0-1"]
[WhiteElo "1768"]
[BlackElo "2203"]
[PlyCount "68"]
[EventDate "2020.07.18"]
[EventType "swiss"]
[EventRounds "9"]
[EventCountry "CZE"]
[SourceTitle "CBM 197 Extra"]
[Source "ChessBase"]
[SourceDate "2020.09.30"]
[SourceVersion "1"]
[SourceVersionDate "2020.09.30"]
[SourceQuality "1"]

1. e4 b6 2. g3 Bb7 3. Bg2 e6 4. d3 Nf6 5. Nc3 Be7 6. Nh3 d5 7. 0-0 0-0 8. exd5 Nxd5 9. Ne2 Qc8 10. d4 Rd8 11. c4 Nf6 12. Qc2 Bxg2 13. Kxg2 Qb7+ 14. f3 Nbd7 15. Nf2 a5 16. b3 c5 17. dxc5 Nxc5 18. Nc3 Nfd7 19. Bf4 g5 20. Be3 Ne5 21. Nfe4 g4 22. f4 Nf3 23. Rxf3 gxf3+ 24. Kf1 f5 25. Nxc5 Bxc5 26. Bxc5 bxc5 27. a4 Rd7 28. Re1 Qc6 29. Qf2 Rad8 30. Qe3 Rd3 31. Qe5 Kf7 32. g4 f2 33. Re2 Qh1+ 34. Kxf2 Rf3# 0-1

[Event "POL-ch U16"]
[Site "Szklarska Poreba"]
[Date "2020.03.11"]
[Round "5"]
[White "Poltorak, Sebastian"]
[Black "Dziendziel, Mateusz"]
[Result "1-0"]
[WhiteElo "2036"]
[BlackElo "1700"]
[PlyCount "75"]
[EventDate "2020.03.07"]
[EventType "swiss"]
[EventRounds "8"]
[EventCountry "POL"]
[SourceTitle "CBM 195 Extra"]
[Source "ChessBase"]
[SourceDate "2020.05.31"]
[SourceVersion "1"]
[SourceVersionDate "2020.05.31"]
[SourceQuality "1"]

1. d4 Nf6 2. c4 g6 3. f3 Bg7 4. e4 d6 5. Nc3 0-0 6. Nge2 c5 7. d5 e6 8. Ng3 exd5 9. cxd5 a6 10. a4 Nbd7 11. Be2 Ne5 12. 0-0 h5 13. h3 Qc7 14. Be3 Nh7 15. f4 Nd7 16. e5 dxe5 17. d6 Qd8 18. Nd5 exf4 19. Ne7+ Kh8 20. Bxf4 Bd4+ 21. Kh1 Ndf6 22. Bc4 g5 23. Qxd4 cxd4 24. Be5 Re8 25. Rxf6 Nxf6 26. Bxf6+ Kh7 27. Bd3+ Kh6 28. Nef5+ Bxf5 29. Nxf5+ Kg6 30. Bxd8 Raxd8 31. Rc1 Kf6 32. Rf1 Rf8 33. g4 hxg4 34. hxg4 Ke5 35. Kg2 Rd7 36. Re1+ Kd5 37. Rc1 Re8 38. Bc4+ 1-0

[Event "POL-ch U16"]
[Site "Szklarska Poreba"]
[Date "2020.03.09"]
[Round "3"]
[White "Budzisz, Adrian"]
[Black "Dziendziel, Mateusz"]
[Result "1/2-1/2"]
[WhiteElo "1812"]
[BlackElo "1700"]
[PlyCount "87"]
[EventDate "2020.03.07"]
[EventType "swiss"]
[EventRounds "8"]
[EventCountry "POL"]
[SourceTitle "CBM 195 Extra"]
[Source "ChessBase"]
[SourceDate "2020.05.31"]
[SourceVersion "1"]
[SourceVersionDate "2020.05.31"]
[SourceQuality "1"]

1. d4 Nf6 2. Nf3 g6 3. c3 Bg7 4. Bf4 d6 5. h3 0-0 6. e3 b6 7. Be2 Bb7 8. 0-0 Nbd7 9. a4 a5 10. Nbd2 Re8 11. Bh2 e5 12. dxe5 dxe5 13. Qc2 Nd5 14. Bc4 Ra7 15. Rfd1 h6 16. Nf1 Qa8 17. Qb3 c6 18. Ng3 Nc5 19. Qa2 Rf8 20. Rd2 Qe8 21. Rad1 Ba8 22. e4 Nf4 23. Re1 Kh7 24. Nf1 Nh5 25. g4 Nf4 26. Bxf4 exf4 27. Nd4 Qe7 28. Kh2 Be5 29. Nf3 Bb8 30. Rde2 Re8 31. N1d2 Rd7 32. Kg2 Bb7 33. Nd4 Be5 34. N2f3 Kg7 35. Qa3 Qf6 36. Nxe5 Qxe5 37. Nf3 Qc7 38. b4 axb4 39. cxb4 Ne6 40. Qc3+ f6 41. a5 b5 42. Bxe6 Rxe6 43. Rd2 Rde7 44. Rde2 1/2-1/2

[Event "POL-chT U20 1st League"]
[Site "Kudowa Zdroj"]
[Date "2018.07.29"]
[Round "9.10"]
[White "Dziendziel, Mateusz"]
[Black "Dziewonski, Dariusz"]
[Result "0-1"]
[WhiteElo "1587"]
[BlackElo "1733"]
[PlyCount "104"]
[EventDate "2018.07.21"]
[EventType "team-tourn"]
[EventRounds "9"]
[EventCountry "POL"]
[SourceTitle "CBM 186 Extra"]
[Source "ChessBase"]
[SourceDate "2018.08.24"]
[SourceVersion "1"]
[SourceVersionDate "2018.08.24"]
[SourceQuality "1"]

1. e4 c5 2. Nc3 e6 3. f4 Nc6 4. Nf3 d6 5. Bb5 Nge7 6. 0-0 a6 7. Be2 Qc7 8. Qe1 g6 9. d3 Bg7 10. Qh4 Nd4 11. Bd1 Nec6 12. Bd2 Qe7 13. Qg3 0-0 14. h4 b5 15. h5 Bd7 16. Qh2 b4 17. Na4 Nxf3+ 18. gxf3 Rab8 19. c3 a5 20. Kf2 Rfc8 21. hxg6 hxg6 22. Rh1 Qf6 23. Bc2 bxc3 24. bxc3 Nd8 25. Qh7+ Kf8 26. Rab1 Bxa4 27. Bxa4 d5 28. Bd7 Rxb1 29. Rxb1 Rc7 30. Bb5 Rb7 31. a4 Nc6 32. e5 Qf5 33. Rg1 Rxb5 34. axb5 Ne7 35. Rb1 Qxd3 36. Rb2 d4 37. b6 Nc6 38. b7 Nb8 39. Qh1 dxc3 40. Bxc3 Qxc3 41. Qb1 Qd4+ 42. Kg3 Bh6 43. Kg2 Bxf4 44. Rc2 Bxe5 45. Qb6 c4 46. Qxa5 c3 47. Qa3+ Kg7 48. Qb3 Qd5 49. Qb6 Qd4 50. Qb3 Qf4 51. Rf2 Qg3+ 52. Kf1 Bd4 0-1

[Event "POL-chT U20 1st League"]
[Site "Kudowa Zdroj"]
[Date "2018.07.27"]
[Round "7.4"]
[White "Eigner, Jerzy"]
[Black "Dziendziel, Mateusz"]
[Result "0-1"]
[WhiteElo "1352"]
[BlackElo "1587"]
[PlyCount "84"]
[EventDate "2018.07.21"]
[EventType "team-tourn"]
[EventRounds "9"]
[EventCountry "POL"]
[SourceTitle "CBM 186 Extra"]
[Source "ChessBase"]
[SourceDate "2018.08.24"]
[SourceVersion "1"]
[SourceVersionDate "2018.08.24"]
[SourceQuality "1"]

1. e4 c5 2. Nf3 Nc6 3. Nc3 g6 4. d4 cxd4 5. Nxd4 Bg7 6. Be3 Nf6 7. g3 0-0 8. Bg2 d6 9. h3 Bd7 10. 0-0 Rc8 11. Nde2 Ne5 12. b3 Qa5 13. Nd5 Nxd5 14. exd5 f5 15. f4 Nf7 16. Bd4 b5 17. Re1 Rfe8 18. Bxg7 Kxg7 19. Qd4+ Kg8 20. c4 bxc4 21. bxc4 Nd8 22. Nc3 Nb7 23. Rab1 Nc5 24. Bf1 a6 25. h4 Kf7 26. Qe3 Qc7 27. Kh2 Rb8 28. h5 Rxb1 29. Rxb1 Rb8 30. Re1 Qd8 31. Qe2 Qf8 32. Kg1 Re8 33. Bg2 Qg7 34. hxg6+ hxg6 35. Qe3 Qf8 36. Qd4 Rb8 37. Re2 Qh8 38. Qe3 Qf6 39. Kf2 Rb4 40. Bf1 Rxc4 41. Rc2 Rxc3 42. Rxc3 Qxc3 0-1

[Event "POL-chT U20 1st League"]
[Site "Kudowa Zdroj"]
[Date "2018.07.21"]
[Round "1.22"]
[White "Musin, Pawel"]
[Black "Dziendziel, Mateusz"]
[Result "0-1"]
[WhiteElo "1202"]
[BlackElo "1587"]
[PlyCount "70"]
[EventDate "2018.07.21"]
[EventType "team-tourn"]
[EventRounds "9"]
[EventCountry "POL"]
[SourceTitle "CBM 186 Extra"]
[Source "ChessBase"]
[SourceDate "2018.08.24"]
[SourceVersion "1"]
[SourceVersionDate "2018.08.24"]
[SourceQuality "1"]

1. e4 c5 2. Nf3 d6 3. d4 Nf6 4. Nc3 cxd4 5. Nxd4 g6 6. Bd3 Bg7 7. Nb3 0-0 8. 0-0 Nc6 9. Be3 Ng4 10. Bd2 Be6 11. h3 Nge5 12. f4 Nxd3 13. cxd3 Qb6+ 14. Kh1 Bxb3 15. Qxb3 Qxb3 16. axb3 Nd4 17. Be3 Nc2 18. Rac1 Nxe3 19. Rf3 Bd4 20. Nb5 Bb6 21. d4 a6 22. Nxd6 exd6 23. Rxe3 Bxd4 24. Rd3 Bb6 25. Rxd6 Be3 26. Rf1 Rfd8 27. Rxd8+ Rxd8 28. f5 Re8 29. f6 Rxe4 30. Rd1 Rd4 31. Re1 Rd3 32. g4 g5 33. h4 gxh4 34. g5 h6 35. gxh6 Kh7 0-1

[Event "POL-chT U20 1st League"]
[Site "Szczyrk"]
[Date "2017.07.22"]
[Round "1.28"]
[White "Dziendziel, Mateusz"]
[Black "Zabrzanska, Weronika"]
[Result "1/2-1/2"]
[WhiteElo "1381"]
[BlackElo "1440"]
[PlyCount "105"]
[EventDate "2017.07.22"]
[EventType "team-tourn"]
[EventRounds "9"]
[EventCountry "POL"]
[SourceTitle "EXT 2019"]
[Source "ChessBase"]
[SourceDate "2018.10.10"]
[SourceVersion "1"]
[SourceVersionDate "2018.10.10"]
[SourceQuality "1"]

1. e4 e5 2. Nf3 Nc6 3. Bc4 Bc5 4. d4 Bxd4 5. Nxd4 Nxd4 6. 0-0 d6 7. f4 Be6 8. Bd3 h6 9. Be3 Nc6 10. Nc3 Nf6 11. f5 Bd7 12. a3 a6 13. Bc4 Qe7 14. b4 b5 15. Bb3 Na7 16. Nd5 Nxd5 17. Bxd5 Bc6 18. Bxc6+ Nxc6 19. Qd5 Qd7 20. c4 Rb8 21. Rac1 Ne7 22. Qd3 Ng8 23. Rfd1 Nf6 24. c5 dxc5 25. Qxd7+ Nxd7 26. Bxc5 f6 27. Be3 Rc8 28. Rc6 Nb8 29. Re6+ Kf7 30. Ba7 Rhd8 31. Rc1 Nd7 32. Rxa6 Nf8 33. Rac6 Rd7 34. R1c3 Nh7 35. h4 Ke8 36. Bb6 Kd8 37. Kf2 Nf8 38. Ke3 Nh7 39. Ba5 Nf8 40. R6c5 g5 41. hxg5 hxg5 42. Rxb5 g4 43. Rbc5 Nh7 44. Rc6 Rf7 45. Rd6+ Rd7 46. Rdc6 Rf7 47. Rc1 Rd7 48. Rh1 Re7 49. Rd6+ Ke8 50. Rc6 Kd8 51. b5 Ra8 52. Bb4 Rd7 53. Rhc1 1/2-1/2

[Event "Liptovsky Mikulas V4 U15 op"]
[Site "Liptovsky Mikulas"]
[Date "2017.06.25"]
[Round "9"]
[White "Taragel, Marian"]
[Black "Dziendziel, Mateusz"]
[Result "1/2-1/2"]
[WhiteElo "1456"]
[BlackElo "1246"]
[PlyCount "117"]
[EventDate "2017.06.21"]
[EventType "swiss"]
[EventRounds "9"]
[EventCountry "SVK"]
[SourceTitle "CBM 179 Extra"]
[Source "ChessBase"]
[SourceDate "2017.08.23"]
[SourceVersion "1"]
[SourceVersionDate "2017.08.23"]
[SourceQuality "1"]

1. e4 e5 2. Nf3 d6 3. d4 Nd7 4. Bc4 c6 5. 0-0 Be7 6. dxe5 dxe5 7. Ng5 Bxg5 8. Qh5 Qf6 9. Qxg5 Nc5 10. f3 Ne6 11. Qxf6 Nxf6 12. Be3 0-0 13. Rd1 Nc7 14. Nc3 Be6 15. Be2 Rad8 16. Bxa7 Nd7 17. Be3 f6 18. b3 Bf7 19. Na4 Ne6 20. Rd2 b5 21. Nb2 Ndc5 22. Nd3 Nxd3 23. Rxd3 Rxd3 24. Bxd3 Rd8 25. a4 bxa4 26. Rxa4 Nd4 27. Bxd4 exd4 28. Ra5 g6 29. Kf2 Be6 30. Ke2 Kg7 31. Rc5 Rd6 32. Bc4 Bd7 33. Kd3 Bc8 34. b4 Bd7 35. Kd2 g5 36. b5 g4 37. fxg4 cxb5 38. Bxb5 Bxg4 39. Rd5 Rxd5 40. exd5 Bf5 41. Bd3 Bd7 42. Be2 Bf5 43. Bf3 Kf7 44. Be2 h6 45. c4 dxc3+ 46. Kxc3 Ke7 47. Kd4 Kd6 48. Bf3 Bg6 49. Be4 Bf7 50. g3 Be8 51. Bd3 Bf7 52. Bc4 Bg6 53. Bb3 Bf5 54. h4 Bh7 55. Bc4 Bg6 56. Be2 Bf7 57. Bf3 Bg6 58. Bg2 Bf7 59. Bf3 1/2-1/2

[Event "Budapest Gyorgy Memorial 1st"]
[Site "Budapest"]
[Date "2016.11.12"]
[Round "5.1"]
[White "Dziendziel, Mateusz"]
[Black "Kozsik, Bende Barnabas"]
[Result "0-1"]
[WhiteElo "1075"]
[BlackElo "1752"]
[PlyCount "76"]
[EventDate "2016.11.10"]
[EventType "swiss"]
[EventRounds "7"]
[EventCountry "HUN"]
[SourceTitle "EXT 2018"]
[Source "ChessBase"]
[SourceDate "2017.10.13"]
[SourceVersion "1"]
[SourceVersionDate "2017.10.13"]
[SourceQuality "1"]

1. e4 c5 2. d3 Nc6 3. Nf3 g6 4. g3 Bg7 5. Bg2 e6 6. c3 Nge7 7. Be3 b6 8. Nbd2 Ba6 9. Qc2 d5 10. d4 cxd4 11. Nxd4 Bb7 12. N2b3 Rc8 13. a3 0-0 14. 0-0 Nxd4 15. Bxd4 e5 16. Be3 dxe4 17. Bxe4 Bxe4 18. Qxe4 f5 19. Qg2 f4 20. Bd2 f3 21. Qh3 Qd5 22. Bg5 Nf5 23. Nc1 h6 24. g4 hxg5 25. gxf5 Rxf5 26. Na2 Rd8 27. Nb4 Qd2 28. Rab1 Kf7 29. Qg4 Rf4 30. Qxg5 Bf6 31. Qg3 Qd7 32. h3 Rh8 33. Rbd1 Qxh3 34. Qxh3 Rxh3 35. Rd7+ Ke8 36. Re7+ Bxe7 37. Re1 Rg4+ 38. Kf1 Rh1# 0-1